| 000 | 00908cam a22002655a 4500 | ||
|---|---|---|---|
| 001 | 15179008 | ||
| 005 | 20161106120336.0 | ||
| 008 | 080208t2009 enka frb f001 0 eng d | ||
| 020 | _a9780195371789 | ||
| 020 | _a019537178X | ||
| 040 |
_aDNLM/DLC _cDLC _dNLM _dBTCTA _dYDXCP _dOCLCQ _dC#P _dCDX _dDLC _dEG-ScBUE _beng |
||
| 082 | 0 | 4 |
_a616.8589 _222 _bMAP |
| 100 | 1 | _aMapou, Robert L. | |
| 245 | 1 | 0 |
_aAdult learning disabilities and ADHD : _bresearch-informed assessment / _cRobert L. Mapou. |
| 260 |
_aOxford ; _aNew York : _bOxford University Press, _cc.2009. |
||
| 300 |
_axviii, 291 p. : _bill. ; _c24 cm. |
||
| 490 | 0 | _aOxford workshop series | |
| 500 | _aIndex : p. [283]-290. | ||
| 504 | _aBibliography : p. 257-282. | ||
| 650 | 0 |
_aAttention-deficit disorder in adults. _2BUEsh |
|
| 650 | 7 |
_aLearning disabilities. _2BUEsh _941548 |
|
| 651 | _2BUEsh | ||
| 653 |
_bHHUUEENN _cNovember2016 |
||
| 942 | _2ddc | ||
| 999 |
_c23027 _d22999 |
||